00253nam a2200097Ia 4500008004100000041000800041100001400049245004200063260003500105650001500140240109s9999 xx 000 0 und d aeng aN.K.Singh aNew Dimensions Of Personal Management bGlobal Business Press Delhi95  aManagement